| Tag |
First Indicator |
Second Indicator |
Subfields |
| LEADER |
00000cam a2200000Ia 4500 |
| 001 |
in00002175113 |
| 005 |
20210605063136.0 |
| 008 |
880503s1903 dcu b f000 0 eng d |
| 035 |
|
|
|a (OCoLC)ocm17887767
|
| 040 |
|
|
|a CFI
|c CFI
|d OCL
|d OCLCQ
|d ONB
|d OCLCQ
|d TXA
|d UtOrBLW
|
| 043 |
|
|
|a n------
|
| 049 |
|
|
|a TXAM
|
| 050 |
|
4 |
|a QE75
|b .B1 no.221
|
| 086 |
0 |
|
|a I 19.3:221
|
| 100 |
1 |
|
|a Weeks, Fred Boughton,
|d 1864-1942.
|
| 245 |
1 |
0 |
|a Bibliography and Index of North American Geology, Paleontology, Petrology, and Mineralogy, for the year 1902 /
|c by Fred B. Weeks.
|
| 264 |
|
1 |
|a Washington, D.C. :
|b U.S. G.P.O.,
|c 1903.
|
| 300 |
|
|
|a 200 pages ;
|c 24 cm.
|
| 336 |
|
|
|a text
|b txt
|2 rdacontent
|
| 337 |
|
|
|a unmediated
|b n
|2 rdamedia
|
| 338 |
|
|
|a volume
|b nc
|2 rdacarrier
|
| 490 |
1 |
|
|a Geological Survey (U.S.). Bulletin ;
|v 221
|
| 500 |
|
|
|a "List of publications examined": pages 9-12.
|
| 500 |
|
|
|a 1193 titles (mainly analyticals) arranged alphabetically by authors.
|
| 650 |
|
0 |
|a Geology
|z North America
|v Bibliography.
|
| 650 |
|
0 |
|a Paleontology
|z North America
|v Bibliography.
|
| 650 |
|
0 |
|a Petrology
|z North America
|v Bibliography.
|
| 650 |
|
0 |
|a Mineralogy
|z North America
|v Bibliography.
|
| 710 |
2 |
|
|a Geological Survey (U.S.)
|
| 830 |
|
0 |
|a U.S. Geological Survey digital data series ;
|v 221.
|
| 994 |
|
|
|a C0
|b TXA
|
| 948 |
|
|
|a cataloged
|b h
|c 2006/06/14
|e avega
|f 11:01:41 am
|
| 999 |
|
|
|a MARS
|
| 999 |
f |
f |
|s 4dc31102-2386-3430-949d-c7cd5b4e26ce
|i 174f6d9b-6ef8-3c20-91ed-0dda814a644a
|t 0
|
| 952 |
f |
f |
|p normal
|a Texas A&M University
|b College Station
|c Sterling C. Evans Library
|d Evans: US Documents (Annex 5th floor)
|t 0
|e I 19.3:221
|h Superintendent of Documents classification
|i unmediated -- volume
|m A14834501792
|
| 998 |
f |
f |
|a I 19.3:221
|t 0
|l Evans: US Documents (Annex 5th floor)
|